000 00459 a2200169 4500
020 _a0-00-616533-8
040 _aDLC
_bDLC
082 _a823.912
082 _a823.912
100 1 _aChristie, Agatha,
245 0 0 _aSleeping murder
_cChristie, Agatha
260 _aLondon :
_bHarperCollins,
_c1996
300 _a224p. ;
_c18 cm
500 _aOriginally published: London: Collins, 1976
650 7 _aEnglish fiction
_y20th century
942 _cBK
_k823.912 CHR
_2ddc
999 _c5052
_d5052